| LEADER | 02196nam a2200301 4500 | ||
|---|---|---|---|
| 999 | |c 14855 |d 14855 | ||
| 022 | |a 1859-3968 | ||
| 082 | |a 600 |b T109c | ||
| 100 | |a Trường Đại học Hùng Vương | ||
| 242 | |a Journal of science and technology | ||
| 245 | |a Tạp chí khoa học công nghệ |c Trường Đại học Hùng Vương | ||
| 520 | |a | ||
| 653 | |a Khoa học | ||
| 653 | |a Công nghệ | ||
| 653 | |a Tạp chí | ||
| 942 | |2 ddc |c BTC |s 1 | ||
| 952 | |0 0 |1 0 |2 ddc |4 0 |6 600_000000000000000_T109C |7 0 |8 600 |9 113315 |a qbu |b qbu |c D1 |d 2017-10-10 |o 600 T109c |p TC48.C1 |r 2017-10-10 |w 2017-10-10 |y BTC | ||
| 952 | |0 0 |1 0 |2 ddc |4 0 |6 600_000000000000000_T109C |7 0 |8 600 |9 113840 |a qbu |b qbu |c D1 |d 2018-01-05 |o 600 T109c |p TC48.C2 |r 2018-01-05 |w 2018-01-05 |y BTC | ||
| 952 | |0 0 |1 0 |2 ddc |4 0 |6 600_000000000000000_T109C |7 0 |8 600 |9 113841 |a qbu |b qbu |c D1 |d 2018-01-05 |o 600 T109c |p TC48.C3 |r 2018-01-05 |w 2018-01-05 |y BTC | ||
| 952 | |0 0 |1 0 |2 ddc |4 0 |6 600_000000000000000_T109C |7 0 |8 600 |9 113842 |a qbu |b qbu |c D1 |d 2018-01-05 |o 600 T109c |p TC48.C4 |r 2018-01-05 |w 2018-01-05 |y BTC | ||
| 952 | |0 0 |1 0 |2 ddc |4 0 |6 600_000000000000000_T109C |7 0 |8 600 |9 113843 |a qbu |b qbu |c D1 |d 2018-01-05 |o 600 T109c |p TC48.C5 |r 2018-01-05 |w 2018-01-05 |y BTC | ||
| 952 | |0 0 |1 0 |2 ddc |4 0 |6 600_000000000000000_T109C |7 0 |8 600 |9 113844 |a qbu |b qbu |c D1 |d 2018-01-05 |o 600 T109c |p TC48.C6 |r 2018-01-05 |w 2018-01-05 |y BTC | ||
| 952 | |0 0 |1 0 |2 ddc |4 0 |6 600_000000000000000_T109C |7 0 |8 600 |9 113845 |a qbu |b qbu |c D1 |d 2018-01-05 |o 600 T109c |p TC48.C7 |r 2018-01-05 |w 2018-01-05 |y BTC | ||
| 952 | |0 0 |1 0 |2 ddc |4 0 |6 600_000000000000000_T109C |7 0 |8 600 |9 113846 |a qbu |b qbu |c D1 |d 2018-01-05 |o 600 T109c |p TC48.C8 |r 2018-01-05 |w 2018-01-05 |y BTC | ||
| 952 | |0 0 |1 0 |2 ddc |4 0 |6 600_000000000000000_T109C |7 0 |8 600 |9 113847 |a qbu |b qbu |c D1 |d 2018-01-05 |o 600 T109c |p TC48.C9 |r 2018-01-05 |w 2018-01-05 |y BTC | ||
| 952 | |0 0 |1 0 |2 ddc |4 0 |6 600_000000000000000_T109C |7 0 |8 600 |9 116932 |a qbu |b qbu |c D1 |d 2019-06-06 |o 600 T109c |p TC48.C10 |r 2019-06-06 |w 2019-06-06 |y BTC | ||
| 952 | |0 0 |1 0 |2 ddc |4 0 |6 600_000000000000000_T109C |7 0 |8 600 |9 116933 |a qbu |b qbu |c D1 |d 2019-06-06 |o 600 T109c |p TC48.C11 |r 2019-06-06 |w 2019-06-06 |y BTC | ||
| 952 | |0 0 |1 0 |2 ddc |4 0 |6 600_000000000000000_T109C |7 0 |8 600 |9 116934 |a qbu |b qbu |c D1 |d 2019-06-06 |o 600 T109c |p TC48.C12 |r 2019-06-06 |w 2019-06-06 |y BTC | ||